000 05292nam a2200409 i 4500
001 193405
003 ES-MaACL
005 20250709184548.0
006 193405
007 ta
008 231121t2023 sp ado frn 000 0 spa c
020 _a9788491107064
035 _aRebiun32682155
040 _aUMA.PL
_bspa
_cES-MaACL
080 _2616.89-008.441.33(460)
245 0 0 _aDrogodependencias /
_cMaría Isabel Colado Megía, Magí Farré Albaladejo, Juan Carlos Leza Cerro, Ignacio Lizasoain Hernández. [Directores] ; [Autores: Aleixandre Benavent, Rafael, Alguacil Merino, Luis Fernando ...(et al.)]
250 _a4a ed.
260 _aBuenos Aires [etc.] :
_bEditorial Médica Panamericana,
_c2023
300 _a413 pág.
_c28 cm
_eIncluye versión digital con un "rasca" para obtener el código
336 _2rdacontent
_aTexto
337 _2rdamedia
_asin mediación
338 _2rdacarrier
_avolumen
500 _aCatalogación provisional. Signatura: N 8774. Depósito J.
505 _aSección I Introducción.1 Conceptos fundamentales en drogodependencias. 2 Factores biopsicosociales del consumo de drogas. 3 Mecanismos neuroquímicos de las drogodependencias. 4 Enfoque psicológico de las drogodependencias. Etiología y diagnóstico. Diversos abordajes terapéuticos. 5 Situación actual del consumo de sustancias psicoactivas y sus consecuenciasSección II Tabaco y nicotina. 6 Dependencia tabáquica. Acciones farmacológicas. Síndrome de abstinencia y tolerancia. Tratamiento de la dependencia. 7 Complicaciones orgánicas del consumo de tabaco. 8 Complicaciones psiquiátricas del consumo de tabaco. 9 Tabaco de segunda, tercera y cuarta mano. Tabaco sin humoSección III Alcohol. 10 Farmacología del alcohol e intoxicación aguda.11 Complicaciones médicas del consumo excesivo de alcohol. 12 Complicaciones neuropsiquiátricas de los trastornos por uso de alcohol. 13 Diagnóstico y tratamiento del alcoholismo. Sección IV Cannabis. 14 Bioquímica, farmacología y usos terapéuticos del cannabis.15 Trastornos relacionados con el consumo de cannabis. 16 Complicaciones orgánicas y psiquiátricas relacionadas con el consumo de cannabis. Sección V Cocaína. 17 Farmacología de la cocaína. 18 Trastorno por consumo de cocaína: intoxicación y tratamiento. 19 Complicaciones orgánicas y psiquiátricas del consumo de cocaína. Sección VI Anfetaminas. Drogas de diseño. 20 Anfetaminas. 21 Drogas de diseño: MDMA. Sección VII Alucinógenos, sustancias volátiles y otros estimulantes. 22 Alucinógenos y disociativos. 23 Sustancias volátiles psicoactivas o inhalables. 24 Nuevas sustancias psicoactivas. 25 Xantinas: cafeína y otras metilxantinas. Khat. Sección VIII Opiáceos y benzodiacepinas. 26 Farmacología de los opiáceos. 27 Trastornos relacionados con el consumo de opiáceos. 28 Complicaciones médicas y comorbilidades psiquiátricas relacionadas con el consumo de opiáceos. 29 Benzodiacepinas y otros hipnóticos Sección IX Patología psiquiátrica. 30 Patología dual. 31 Adicciones sin sustancia. Sección X Otros aspectos de las dependencias. 32 Drogas y embarazo. 33 Esteroides anabolizantes. Otros compuestos utilizados como doping Sección XI La comunidad internacional y la respuesta de la sociedad. 34 Las drogas y la comunidad internacional: el papel de Naciones Unidas. 35 Fuentes de información sobre drogodependencias
520 _aLa cuarta edición de esta obra, libro de texto esencial para el conocimiento de las drogodependencias, aborda estas patologías desde una perspectiva multidisciplinar y repasa las novedades terapéuticas en los problemas médicos derivados del uso de sustancias que producen adicción. Desde la primera edición, han aparecido nuevas sustancias, nuevas formas de consumo, pero también cambios de actitud en la sociedad sobre la percepción del riesgo del consumo, especialmente en los jóvenes. Hemos asistido desde el casi abandono del uso de algunas drogas a su reintroducción mediante otras formas de consumo. Drogodependencias va dirigido especialmente a estudiantes de Medicina, ciencias biomédicas en general, como la Enfermería, la Fisioterapia y la Farmacia, Psicología y Terapia Ocupacional. Además, será de gran interés para estudiantes de Máster o Posgrados relacionados con las conductas adictivas, especialistas que trabajan en el campo de las drogodependencias, trabajadores sociales, y médicos y psicólogos de Atención Primaria al ser estos últimos los primeros en detectar los signos y síntomas asociados al consumo de sustancias o a las adicciones conductuales.
650 4 _aFarmacología
_912725
650 4 _aDrogas
_911977
700 _aColado Megía, María Isabel
_9234587
700 0 _aAlguacil Merino, Luis Fernando
_919905
852 _aES-MaACL
_9200861
_jN-8774
_cDEPOJ
_gDedicatoria autógrafa de Luis F. Alguacil
_hDonación: Luis F. Alguacil
_xRústica con solapas
_zEn proceso
903 _919905
_aAlguacil Merino, Luis Fernando
_ednr
942 _n0
_cMONOGRAFIA
999 _c193405
_d193405